Baraita masekhet ʻAvadim ... (Record no. 31775)

MARC details
000 -LEADER
fixed length control field 00913cam a22002171 4500
001 - CONTROL NUMBER
control field he 66000991
003 - CONTROL NUMBER IDENTIFIER
control field DLC
005 - DATE AND TIME OF LATEST TRANSACTION
control field 20260227111439.0
008 - FIXED-LENGTH DATA ELEMENTS--GENERAL INFORMATION
fixed length control field 880615s1964 is 000 0 heb
010 ## - LIBRARY OF CONGRESS CONTROL NUMBER
LC control number he 66000991
035 ## - SYSTEM CONTROL NUMBER
System control number (OCoLC)18092106
040 ## - CATALOGING SOURCE
Original cataloging agency DLC
Transcribing agency TxU
Modifying agency TxU
-- DLC
042 ## - AUTHENTICATION CODE
Authentication code premarc
050 00 - LIBRARY OF CONGRESS CALL NUMBER
Classification number BM506.4.A17
Item number K3
130 0# - MAIN ENTRY--UNIFORM TITLE
Uniform title Talmud.
Name of part/section of a work Minor tractates.
-- Abadim.
245 10 - TITLE STATEMENT
Title Baraita masekhet ʻAvadim ...
Remainder of title ʻim masoret ha-Shas ve-hagahot ke-fi she-nidpas be-Shas Vilna ... ve-ʻalav shene beʼurim ... Kinyan ha-guf, mevaʼer gufa di-Baraita ... ve-kinyan perot yepalpel ... me-ʻinyan le-ʻinyan ...
Statement of responsibility, etc. ḥibarti Sh. Y. Ḥ. b. ha-G. R. Y. Y. [Kanevski]
260 ## - PUBLICATION, DISTRIBUTION, ETC.
Place of publication, distribution, etc. Bene Berak
Name of publisher, distributor, etc. [Ḥ. Kanevski,
Date of publication, distribution, etc. [1964]
300 ## - PHYSICAL DESCRIPTION
Extent 192 p.
Dimensions 25 cm.
630 00 - SUBJECT ADDED ENTRY--UNIFORM TITLE
Uniform title Talmud.
Name of part/section of a work Minor tractates.
-- Abadim
General subdivision Commentaries.
700 1# - ADDED ENTRY--PERSONAL NAME
Personal name Ḳanevsḳi, Sh. Y. Ḥ. ben Y. Y.
Fuller form of name (Shemaryahu Yosef Ḥayim ben Y. Y.)

No items available.

Powered by Koha